Soliloquio y coloquio: notas sobre lírica y teatro

Gardado en:
Detalles Bibliográficos
Autor Principal: Díaz-Plaja, Guillermo
Formato: Libro
Idioma:Spanish
Publicado: Madrid, España Gredos 1968
Materias:
Etiquetas: Engadir etiqueta
Sen Etiquetas, Sexa o primeiro en etiquetar este rexistro!

MARC

LEADER 00000nam a2200000Ia 4500
008 170316s9999 xx 000 0 spa d
040 |a cru BVZT 
090 |a C-862 D-2s 
100 |a Díaz-Plaja, Guillermo 
245 |a Soliloquio y coloquio: notas sobre lírica y teatro 
260 |a Madrid, España 
260 |b Gredos 
260 |c 1968 
300 |a 214 páginas 
650 |a LITERATURA ESPAÑOLA 
650 |a EDAD MEDIA 
650 |a PERÍODO CLÁSICO 
650 |a CRÍTICA 
650 |a TEATRO 
650 |a POEMAS LÍRICOS 
650 |a COMEDIAS DE LOPE DE VEGA 
650 |a PERÍODO NEOCLÁSICO 
650 |a PERÍDO ROMÁNTICO 
942 |c 15 D 
999 |c 9803  |d 9803